000 01058nam a22002777a 4500
005 20170123162319.0
010 _a994573
020 _c00.00
035 _a994573
037 _bCen Lib/Ret
040 _aDPL
_bUR
082 _a842
_bم ا ت
100 _aماتھر، جگدیش چندرا
_9108074
245 _aپہلا راجہ آدھے ادھورے /
_c جگدیش چندرا ماتھر [اور] موہن راکیش ؛ مرتجم قیصر کلندر
246 _aPahla raja adhe adhoore /
_bby Jagdeesh Chandra Mathur [and] Mohan Rakesh ; traslated by Qaisar Kalandar
260 _aنیی دہلی
_bنیشنل بک ٹرسٹ
_c1980
270 _bنیی دہلی
_aA-5, گرین پارک
_e110016
300 _a184p.
_c19cm(Hb)
650 _aہندی ادب
_9116186
650 _aہندی ڈرامہ
_9462
650 _aHindi literature
_9116187
650 _aHindi drama
_9116188
700 _aموہن راکیش
_9116189
700 _aقیصر کلندر
_9116190
942 _2ddc
_cUR
_h842
_mم ا ت
999 _c106946
_d106946